000 00753nam a22002057a 4500
999 _c19048
_d19048
003 AR-CdUCM
008 190502b ||||| |||| 00| 0 spa d
040 _aMUNICIPALIDAD PROVINCIAL DEL CUSCO
_cBIBLIOTECA MUNICIPAL DEL CUSCO
082 _a985.62 /
_bG8
100 _aGuevara Velasco, Agustín
_935541
245 _aApuntes sobre mi patria :
_bvolumen del departamento de Puno /
260 _aCusco :
_bEdit. H. G. Rozas,
_c1955.
300 _a1457 paginas ;
_c22 cm.
_bIlustraciones,
505 _aContenido: Provincia de azangaro --Provincia de carabaya --Provincia de chucuito ...
650 _aPuno
_93897
650 _aCondiciones económicas
_91989
650 _aCondiciones sociales
_91132
942 _2ddc
_cLIBROS
945 _arjall
_d2019-05-16